00507nam a2200181Ia 450000500170000000800410001708200130005810000160007124500340008726000400012130000140016165000100017565000120018565000120019794200060020995200950021599900150031020240717024115.0240331s9999 xx 000 0 und d bMERa200 aMernissi, F 0aWomen, saints and sanctuaries aPakistanbsimorgh Publicationc1987 a18 , p ., aWomen aCulture aSociety cL 001040708LaWERCLbWERCLcSSCd2024-03-31l0o 200 MERp4968r2024-03-31w2024-03-31yL c4400d4400